000 01538aab a2200241 i 4500
001 768714001
003 CO-MdFUSB
005 20240704143750.0
008 240704t1995 sz ||||| |||| 00| 0 eng d
040 _bspa
_cCO-MdFUSB
041 _aeng
100 1 _aChang, Sang (1939- )
_eautor
245 1 0 _aBible study :
_bjustice of jubilee in Luke
_c/ Sang Chang
520 _aEste artículo es una reflexión sobre los fenómenos teológicos, como la teología de la liberación o el surgimiento de la teología Minjung, son una reacción y consecuencias adicionales del descuido de la iglesia por las cuestiones económicas generales. Por otra parte, señala que el mundo está viviendo una etapa llamada econocentrismo, que inició con la industrialización. Sin embargo, Lucas entendió que el evangelio estaba "ensalzando felizmente" la gozosa ocasión del año jubilar, como ministerio misionero de Jesús. Todos los que siguen a Jesús deben compartir este regocijo. La fiesta anuncia consuelo y salvación a los pobres, y el mensaje permite un nuevo comienzo. Para los ricos, se trata tanto de una crítica como de una advertencia escatológica.
546 _aTexto en inglés.
650 7 _aEscatología
_9213
650 0 _aIglesia y problemas mundiales
_9912
650 7 _aHermenéutica bíblica
_97333
650 7 _aCristología
_9239
773 0 _tReformed World
_049396
_959539
_gVolumen 45, (número 2, 1995) páginas: 87 - 96
_qpágina: 87
942 _cANA
945 _aCatherine Arias Álvarez - Practicante SENA
999 _c55393
_d55393